| 000 | 00401nam a2200157Ia 4500 | ||
|---|---|---|---|
| 008 | 210716s2004 xx 000 0 und d | ||
| 020 | _a8120323556 | ||
| 041 | _aeng | ||
| 082 | _a004.65 STAW | ||
| 100 | _aStallings, William. | ||
| 245 | _aData and computer communications. | ||
| 250 | _a7 | ||
| 260 |
_aNew Delhi _bPHI Learning Pvt Ltd _c2004 |
||
| 300 | _axii,847 | ||
| 650 | _aComputer Networks | ||
| 999 |
_c185996 _d185996 |
||